Market view UK autumn 2011 (Record no. 113027)

MARC details
000 -LEADER
fixed length control field 01121cad a22002175a 4500
001 - CONTROL NUMBER
control field L154522
008 - FIXED-LENGTH DATA ELEMENTS--GENERAL INFORMATION
fixed length control field 111218s2011 xxk 000 0 eng d
035 ## - SYSTEM CONTROL NUMBER
System control number (Sirsi) u154522
041 0# - LANGUAGE CODE
Language code of text/sound track or separate title eng
110 2# - MAIN ENTRY--CORPORATE NAME
Corporate name or jurisdiction name as entry element EC Harris
9 (RLIN) 4930
245 00 - TITLE STATEMENT
Title Market view UK autumn 2011
Remainder of title TPI forecast reduced again as poor performance in the UK economy continues to hit construction
Medium [electronic resource]
260 ## - PUBLICATION, DISTRIBUTION, ETC.
Place of publication, distribution, etc. London
Name of publisher, distributor, etc. EC Harris
Date of publication, distribution, etc. 2011
490 #0 - SERIES STATEMENT
Series statement EC Harris Research Market View UK
Volume/sequential designation Autumn 2011
520 ## - SUMMARY, ETC.
Summary, etc. Construction new orders for the 2nd quarter of 2011 were down by 16% compared to the previous quarter and by 23% compared to the same period of 2010. The fall in workload has resulted in tender prices falling for 3 straight years with little likelihood of any significant increase in the next 12-18 months.
590 ## - LOCAL NOTE (RLIN)
Local note KA NTK
651 #4 - SUBJECT ADDED ENTRY--GEOGRAPHIC NAME
Geographic name United Kingdom
Chronological subdivision
690 ## - LOCAL SUBJECT ADDED ENTRY--TOPICAL TERM (OCLC, RLIN)
Topical term or geographic name as entry element BUILT ENVIRONMENT-BUILDING COSTS
690 ## - LOCAL SUBJECT ADDED ENTRY--TOPICAL TERM (OCLC, RLIN)
Topical term or geographic name as entry element BUILT ENVIRONMENT-CONSTRUCTION MARKET
856 40 - ELECTRONIC LOCATION AND ACCESS
Uniform Resource Identifier <a href="https://www.echarris.com/pdf/8110_Market%20View_Autumn%202011%20FINAL.pdf">https://www.echarris.com/pdf/8110_Market%20View_Autumn%202011%20FINAL.pdf</a>
Public note View the item free of charge at www.echarris.com
942 ## - ADDED ENTRY ELEMENTS (KOHA)
Suppress in OPAC 0
Holdings
Withdrawn status Lost status Source of classification or shelving scheme Damaged status Not for loan Home library Current library Shelving location Date acquired Total Checkouts Full call number Barcode Date last seen Copy number Price effective from Koha item type
    Dewey Decimal Classification     Virtual Virtual Online 18/12/2011   ONLINE PUBLICATION 154522-2001 06/08/2019 1 06/08/2019 Book